| 000 | 00655nam a22002057a 4500 | ||
|---|---|---|---|
| 999 |
_c14278 _d14278 |
||
| 003 | AR-CdUCM | ||
| 008 | 190422b ||||| |||| 00| 0 spa d | ||
| 040 |
_aMUNICIPALIDAD PROVINCIAL DEL CUSCO _cBIBLIOTECA MUNICIPAL DEL CUSCO |
||
| 041 | _heng. | ||
| 082 |
_aPI / 803.08 / _bP51 |
||
| 110 |
_aDisney Pixar _932825 |
||
| 245 |
_aMonsters University : _bUna escuela monstruosa / |
||
| 260 |
_aMéxico : _bSilver Dolphin, _c2013. |
||
| 300 |
_bIlustraciones, _c19 cm. |
||
| 650 |
_aLiteratura infantil _9588 |
||
| 650 |
_aCuento _94671 |
||
| 700 |
_aSamantha Caballero del Moral (traducción) _932997 |
||
| 942 |
_2ddc _cLIBROS |
||
| 945 |
_arjall _d2019-04-22 |
||